<?xml version="1.0" encoding="UTF-8"?>
<record
    xmlns:xsi="http://www.w3.org/2001/XMLSchema-instance"
    xsi:schemaLocation="http://www.loc.gov/MARC21/slim http://www.loc.gov/standards/marcxml/schema/MARC21slim.xsd"
    xmlns="http://www.loc.gov/MARC21/slim">

  <leader>02322cam a22003375a 4500</leader>
  <controlfield tag="001">18502610</controlfield>
  <controlfield tag="003">EG-ScBUE</controlfield>
  <controlfield tag="005">20220908143925.0</controlfield>
  <controlfield tag="008">150223t2015    maua   f b    001 0 eng d</controlfield>
  <datafield tag="020" ind1=" " ind2=" ">
    <subfield code="a">9781631590641 (paperback)</subfield>
  </datafield>
  <datafield tag="040" ind1=" " ind2=" ">
    <subfield code="a">DLC</subfield>
    <subfield code="b">eng</subfield>
    <subfield code="e">rda</subfield>
    <subfield code="c">DLC</subfield>
    <subfield code="d">EG-ScBUE</subfield>
  </datafield>
  <datafield tag="082" ind1="0" ind2="4">
    <subfield code="a">701.85</subfield>
    <subfield code="b">FOR</subfield>
    <subfield code="2">22</subfield>
  </datafield>
  <datafield tag="100" ind1="1" ind2=" ">
    <subfield code="a">Forman, Deborah,</subfield>
    <subfield code="e">author.</subfield>
    <subfield code="9">39838</subfield>
  </datafield>
  <datafield tag="245" ind1="1" ind2="0">
    <subfield code="a">Color lab for mixed-media artists :</subfield>
    <subfield code="b">52 exercises for exploring color concepts through paint, collage, paper, and more /</subfield>
    <subfield code="c">Deborah Forman.</subfield>
  </datafield>
  <datafield tag="246" ind1=" " ind2=" ">
    <subfield code="a">Color lab for mixed-media artists :</subfield>
    <subfield code="b">Fifty two exercises for exploring color concepts through paint, collage, paper, and more</subfield>
  </datafield>
  <datafield tag="264" ind1=" " ind2="1">
    <subfield code="a">Beverly, Massachusetts :</subfield>
    <subfield code="b">Quarto Publishing Group,</subfield>
    <subfield code="c">[2015]</subfield>
  </datafield>
  <datafield tag="264" ind1=" " ind2="4">
    <subfield code="c">c2015</subfield>
  </datafield>
  <datafield tag="300" ind1=" " ind2=" ">
    <subfield code="a">144 pages ;</subfield>
    <subfield code="b">color illustrations ;</subfield>
    <subfield code="c">22 cm.</subfield>
  </datafield>
  <datafield tag="336" ind1=" " ind2=" ">
    <subfield code="2">rdacontent</subfield>
    <subfield code="a">text</subfield>
    <subfield code="b">txt</subfield>
  </datafield>
  <datafield tag="337" ind1=" " ind2=" ">
    <subfield code="2">rdamedia</subfield>
    <subfield code="a">unmediated</subfield>
    <subfield code="b">n</subfield>
  </datafield>
  <datafield tag="338" ind1=" " ind2=" ">
    <subfield code="2">rdacarrier</subfield>
    <subfield code="a">volume</subfield>
    <subfield code="b">nc</subfield>
  </datafield>
  <datafield tag="490" ind1="0" ind2=" ">
    <subfield code="a">Lab series</subfield>
  </datafield>
  <datafield tag="504" ind1=" " ind2=" ">
    <subfield code="a">Includes bibliographical references and index.
</subfield>
  </datafield>
  <datafield tag="520" ind1=" " ind2=" ">
    <subfield code="a">"Create the very best mixed media with 52 inspiring exercises!Strenthening your understanding and use of color will make your mixed-media art shine as you complete 52 labs that span painting, collage, drawing, assemblage and more.In Color Lab for Mixed Media Artists, color is explored through multiple lenses-nature, history, psychology, expression-as you work through 52 exciting and approachable projects that explore the infinite potential of the chromatic experience.Artist and color-theory expert Deborah Forman provides you with techniques and instruction. These materials and labs focus primarily on paint and collage, along with experimental projects for book making, sculpture and installation. Work your way through the color spectrum, using the steady beat of color as the guiding framework.Don't be intimidated by color--understand how it works, what shade, tint, and pure color will work for your project, and how to select, mix, or pair colors. When you're done, you'll have 52 personal, meaningful, outstanding, and colorful projects and the inspiration to create many more!"</subfield>
  </datafield>
  <datafield tag="650" ind1=" " ind2="7">
    <subfield code="a">Art</subfield>
    <subfield code="x">Technique.</subfield>
    <subfield code="2">BUEsh</subfield>
    <subfield code="9">39845</subfield>
  </datafield>
  <datafield tag="650" ind1=" " ind2="7">
    <subfield code="a">Color in art.</subfield>
    <subfield code="2">BUEsh</subfield>
    <subfield code="9">37973</subfield>
  </datafield>
  <datafield tag="651" ind1=" " ind2=" ">
    <subfield code="2">BUEsh</subfield>
  </datafield>
  <datafield tag="653" ind1=" " ind2=" ">
    <subfield code="b">COMAME</subfield>
    <subfield code="c">April2016</subfield>
  </datafield>
  <datafield tag="655" ind1=" " ind2=" ">
    <subfield code="v">Reading book</subfield>
    <subfield code="9">34232</subfield>
  </datafield>
  <datafield tag="942" ind1=" " ind2=" ">
    <subfield code="2">ddc</subfield>
    <subfield code="c">BB</subfield>
  </datafield>
  <datafield tag="999" ind1=" " ind2=" ">
    <subfield code="c">21637</subfield>
    <subfield code="d">21609</subfield>
  </datafield>
  <datafield tag="952" ind1=" " ind2=" ">
    <subfield code="0">0</subfield>
    <subfield code="1">0</subfield>
    <subfield code="2">ddc</subfield>
    <subfield code="4">0</subfield>
    <subfield code="7">0</subfield>
    <subfield code="8">Alahram</subfield>
    <subfield code="a">MAIN</subfield>
    <subfield code="b">MAIN</subfield>
    <subfield code="c">2ND</subfield>
    <subfield code="d">2016-04-18</subfield>
    <subfield code="e">Purchase</subfield>
    <subfield code="g">208.00</subfield>
    <subfield code="l">4</subfield>
    <subfield code="m">26</subfield>
    <subfield code="o">701.85 FOR</subfield>
    <subfield code="p">000032359</subfield>
    <subfield code="r">2025-12-08 00:00:00</subfield>
    <subfield code="s">2025-10-05</subfield>
    <subfield code="v">260.00</subfield>
    <subfield code="w">2016-04-18</subfield>
    <subfield code="y">BB</subfield>
  </datafield>
</record>
